Meilleurs scoreurs NBA par franchise - Statistiques

Statistiques générales
  • Ce quiz a été pris 2 098 fois
    2 082 depuis la dernière actualisation
  • Le résultat moyen est 17 sur 30
Statistiques - réponses
Franchise Points Joueurs % Correct
Cleveland Cavaliers 23 119 LeBron James
97%
Chicago Bulls 29 277 Michael Jordan
95%
Golden State Warriors 20 064 Stephen Curry
92%
Los Angeles Lakers 33 643 Kobe Bryant
84%
San Antonio Spurs 26 496 Tim Duncan
82%
Miami Heat 21 556 Dwayne Wade
78%
Dallas Mavericks 31 560 Dirk Nowitzki
77%
Oklahoma City Thunders 18 859 Russell Westbrook
75%
Utah Jazz 36 374 Karl Malone
74%
Houston Rockets 26 511 Hakeem Olajuwon
72%
Minnesota Timberwolves 19 201 Kevin Garnett
72%
Milwaukee Bucks 14 321 Giánnis Antetokoúnmpo
71%
Portland Trail Blazzers 18 048 Damian Lillard
66%
Detroit Pistons 18 822 Isiah Thomas
66%
Indiana Pacers 25 279 Reggie Miller
65%
New York Knicks 23 665 Patrick Ewing
62%
New Orleans Pelicans 11 059 Anthony Davis
57%
Phoenix Suns 15 666 Walter Davis
56%
Toronto Raptors 13 296 DeMar DeRozan
52%
Atlanta Hawks 23 292 Dominique Wilkins
51%
Charlotte Hornets 12 009 Kemba Walker
47%
Orlando Magic 11 435 Dwight Howard
46%
Brooklyn Nets 10 444 Brook Lopez
43%
Sacramento Kings 22 009 Oscar Robertson
40%
Boston Celtics 26 395 John Havlicek
36%
Memphis Grizzlies 11 733 Mike Conley Jr.
34%
Denver Nuggets 21 645 Alex English
27%
Washington Wizzards 15 551 Elvin Hayes
16%
Philadephia 76ers 21 586 Al Greer
7%
Los Angeles Clippers 12 735 Randy Smith
5%
Aucun quiz correspondant
Distribution des résultats
% des personnes avec chaque résultat
Percentile par nombre de réponses
Votre historique - résultats
Vous n’avez pas pris ce quiz depuis la dernière actualisation